000 00937cam a22002897a 4500
003 CHAP
005 20220329135834.0
008 971013s1994 r 00010 d
010 _a43077
011 _a44049
035 _a48187
040 _cCHAP
090 _aFolleto 14497
110 _aInstituto Nacional de Estadística, Geografía e Informática. México
_959304
245 1 3 _aLa nueva cartografía censal de México
260 _aAguascalientes, Ags. :
_bINEGI,
_c1994
300 _a51 p.
_b: ilus.
590 _aBATCH-UPD
_b10
_c20130110
_lUCH01
_h1922
590 _aBATCH-UPD
_b10
_c20130410
_lUCH01
_h1248
590 _aBATCH-UPD
_b10
_c20130914
_lUCH01
_h0853
590 _aCONVERSION
_b10
_c20130109
_lUCH01
_h1324
650 1 4 _aCartografía
_xMéxico.
_919653
901 _aBK
942 _cFOLL
949 _aFolleto 14497
_bBC
_cFOLL
_d-109320
_eTS1
_i48187
_si
949 _aFolleto 14497
_bBC
_cFOLL
_d-115318
_eTS2
_fc.2
_i48187
_si
999 _c43077
_d43077